|
|
|
|
| LEADER |
00983nab#a2200313#ar4500 |
| 001 |
000072873 |
| 003 |
SVKKK |
| 005 |
20030415xxxxxxx. |
| 008 |
06 c xo huno |
| FMT |
|
|
|
| 038 |
|
|
|a SVKKK
|
| 040 |
|
|
|a SVKKK
|b slo
|e AACR2
|
| 041 |
0 |
|
|a hun
|
| 044 |
|
|
|a xo
|c SK
|
| 080 |
|
|
|a 271
|
| 080 |
|
|
|a 393
|
| 242 |
1 |
0 |
|a Úmrtie
|
| 245 |
0 |
0 |
|a Halálozás
|
| 500 |
|
|
|a mikrofilm
|
| 520 |
2 |
|
|a Správa o smrti mníšky-matky predstavenej kláštora rádu Márii Immaculaty (Mária Immaculata rend) v Humennom Etelky Chraritás Láng dňa 8. júla 1908.
|
| 650 |
0 |
4 |
|a úmrtie - Láng, Etelka Charitás (matka predstavená, 1866-1908) - rád Mária Imaculata [?] - kláštor, Humenné - 8.07.1908 - správy
|
| 773 |
0 |
|
|t Felvidéki Hirlap : Közgazdasági, társadalmi és szépirodalmi hetilap
|g Roč. 1, č. 18 (12.07.1908) s. 3
|
| 957 |
|
|
|a Humenné
|
| 958 |
|
|
|a DG
|
| 958 |
|
|
|a SK
|
| 974 |
|
|
|a Ba
|d 20030415
|
| 992 |
|
|
|a RBX
|
| BAS |
|
|
|
| 998 |
|
|
|a RETRO
|